Detectives en Mar del Plata /
Guardado en:
| Autor Principal: | |
|---|---|
| Otros Autores: | |
| Formato: | Libro |
| Publicado: |
Buenos Aires :
Santillana,
2017.
|
| Series: | Loqueleo. Azul
|
| Materias: | |
| Etiquetas: |
Agregar Etiqueta
Sin Etiquetas, Sea el primero en etiquetar este registro!
|
| LEADER | 00675nam a22002175a 4500 | ||
|---|---|---|---|
| 001 | CEM.cems019705 | ||
| 008 | 221012s2017##################000#0#####d | ||
| 005 | 20221012090430.0 | ||
| 245 | 1 | 0 | |a Detectives en Mar del Plata / |c María Brandán Aráoz ; ilustraciones de Alberto Pez. |
| 260 | |a Buenos Aires : |b Santillana, |c 2017. | ||
| 300 | |a 352 p. | ||
| 490 | 1 | |a Loqueleo. Azul | |
| 020 | |a 9789504648567 | ||
| 100 | 1 | |a Brandán Aráoz, María | |
| 700 | 1 | |a Pez, Alberto, il. | |
| 082 | 0 | 4 | |a A863.4 |
| 653 | |a Literatura | ||
| 653 | |a Literatura juvenil | ||
| 653 | |a Novelas | ||
| 653 | |a Novelas policiales | ||
| 859 | |a CEMS |b BIB. CEMS - Inicial y Primaria |h A863.4 |i B733-4 |k IP |p 6265 |t Ej.1 | ||
